000 00555nmm a2200157Ia 4500
008 251105s9999||||xx |||||||||||||||||und||
020 _a9788436958911
041 _aspa
100 _aGarcía Salmerón, María del Pilar
245 0 _aRadiografía de las construcciones escolares públicas en España, 1922-1937
264 _a[Madrid, España] :
_bMinisterio de Educación, Cultura y Deporte de España,
_c2019
300 _a778 páginas
650 _aHistory of Europe: Spain
856 _uhttps://public.digitaliapublishing.com/a/67281
942 _cCF
999 _c82251
_d82251